00223nam a2200097Ia 4500020001900000100002300019245001700042942000800059008004100067999001700108 a9781741646696" aTHOMPSON LISA9365 0aTHE LUNCHBOX cBK 210805s9999 xx 000 0 und d c51588d51587